History Quiz

Random History or World Quiz

World Events: 1910-1919 Quiz Stats

Quiz not verified by Sporcle

Challenge
Share
Tweet
Embed
Score 0/25 Timer 05:00
0 Plays Today
Description Answer % Correct
This war begins in Europe after a series of alliances are triggeredThe First World War
95.2%
Cherry blossom trees are planted in Washington DC, symbolizing friendship between the United States and this Asian countryJapan
94%
This luxury liner sinks in the North Atlantic, after hitting an icebergHMS Titanic
94%
This country, populated by native Africans, British settlers, and ranchers of Dutch/German descent, becomes self-governingUnion of South Africa
92.3%
This non-violent activist returns to India after working in South Africa for nearly 22 yearsMohandas Gandhi
88.1%
A revolution begins in this country with the overthrow of the monarch Nicholas IIThe Russian Empire
86.9%
After a seven year revolution led by, among others, Emiliano Zapata and Pancho Villa, this country signs a new constitutionMexico
85.1%
This silent film star makes his movie debut in the film 'Making a Living'Charlie Chaplin
84.5%
The First Balkan War begins; it will result in this empire losing almost all of its land in EuropeThe Ottoman Empire
83.9%
Construction begins on this city, now the capital of AustraliaCanberra
83.3%
This country enters the war on the side of Britain and France after intercepting a telegram that appeared to detail a plot between one of its neighbors and GermanyThe United States of America
83.3%
This country becomes the last to sign an armistice, officially ending World War IThe Empire of Germany
78.6%
This disease, responsible for somewhere between 40 and 100 million deaths, becomes a pandemicThe Spanish Flu
75%
Description Answer % Correct
A peace conference in this European palace beginsVersailles
73.8%
This American baseball team defeats the Chicago Cubs 4 games to 2 to win the World SeriesThe Boston Red Sox
58.3%
Hiram Bingham 'discovers' this abandoned Incan settlement, whose fame will soon spread worldwideMachu Picchu
53%
This controversial film, depicting the Klu Klux Klan as defenders of American values, debutsThe Birth of a Nation
51.8%
Archduke Franz Ferdinand of Austria is assassinated by this man, a Serbian nationalistGavrilo Princip
45.2%
Paris is bombed by Germany using this new type of aviationThe zeppelin
45.2%
Race riots begin in major US cities after a boxing match won by this African American boxerJack Johnson
39.9%
A fire breaks out at this New York factory; it will lead to worker safety reform throughout the USTriangle Shirtwaist
36.3%
This battle, the longest of the First World War, ends after nearly ten months of fightingThe Battle of Verdun
28%
Albert Einstein presents this groundbreaking theory to the Prussian Academy of ScienceGeneral Relativity
22%
This future shah of Iran is bornMohammed-Reza Shah Pahlavi
21.4%
This agreement, dividing Ottoman holdings in the Middle East between France and the UK, is signed in secretThe Sykes-Picot Agreement
9.5%

You're not logged in!

Compare scores with friends on all Sporcle quizzes.
Join for Free
OR
Log In

You Might Also Like...

Show Comments

Extras

Top Quizzes Today


Score Distribution

Your Account Isn't Verified!

In order to create a playlist on Sporcle, you need to verify the email address you used during registration. Go to your Sporcle Settings to finish the process.

Report this User

Report this user for behavior that violates our Community Guidelines.

Details: